[Event "12th Africa-ch"]
[Site "Kampala UGA"]
[Date "2016.07.21"]
[Round "5"]
[White "Ssegwanyi, Arthur"]
[Black "Kayonde, Andrew"]
[Result "0-1"]
[WhiteElo "2366"]
[BlackElo "2404"]
[EventDate "2016.07.17"]
[PlyCount "62"]

1.e4 c6 2.Nc3 d5 3.Nf3 Bg4 4.h3 Bxf3 5.Qxf3 Nf6 6.e5 Nfd7 7.e6 fxe6 8.d4 
e5 9.dxe5 Nxe5 10.Qh5+ Nf7 11.Bd3 Nd7 12.O-O e5 13.Qg4 Nf6 14.Qh4 Bd6 15.
Bf5 Qe7 16.Bd2 g6 17.Bg4 e4 18.Bd1 g5 19.Bxg5 Qe5 20.f4 exf3 21.Re1 Ne4 
22.Nxe4 Qh2+ 23.Kf2 Qxg2+ 24.Ke3 dxe4 25.Bf6 f2 26.Re2 Qf3+ 27.Kd4 c5+ 28.
Kd5 Qf5+ 29.Kc4 f1=Q 30.Bxh8 Qe6+ 31.Kc3 Qf3+ 0-1

[Event "12th Africa-ch"]
[Site "Kampala UGA"]
[Date "2016.07.21"]
[Round "5"]
[White "Kigigha, Bomo"]
[Black "Ameir, Moheb"]
[Result "1-0"]
[WhiteElo "2344"]
[BlackElo "2438"]
[EventDate "2016.07.17"]
[PlyCount "59"]

1.Nf3 Nf6 2.g3 g6 3.Bg2 Bg7 4.c4 c6 5.O-O d5 6.Qc2 O-O 7.b3 a5 8.Bb2 a4 9.
b4 dxc4 10.Qxc4 Be6 11.Qc1 Nbd7 12.d3 Nb6 13.Nbd2 Qc8 14.Re1 Bh3 15.Bh1 
Rd8 16.Ng5 Bg4 17.Nc4 Nbd5 18.e4 a3 19.Bxf6 Bxf6 20.exd5 cxd5 21.Ne5 Qxc1 
22.Raxc1 Bxg5 23.f4 Bf6 24.Nxg4 Bd4+ 25.Kf1 e6 26.Rc7 Rdc8 27.Nh6+ Kg7 28.
Rxf7+ Kxh6 29.g4 Rh8 30.Bf3 1-0

[Event "12th Africa-ch"]
[Site "Kampala UGA"]
[Date "2016.07.21"]
[Round "5"]
[White "Oussedik, Mahfoud"]
[Black "Cawdery, Daniel"]
[Result "1/2-1/2"]
[WhiteElo "2299"]
[BlackElo "2412"]
[EventDate "2016.07.17"]
[PlyCount "56"]

1.c4 c5 2.Nf3 Nc6 3.g3 g6 4.Bg2 Bg7 5.O-O d6 6.Nc3 a6 7.Rb1 Nf6 8.a3 Rb8 
9.b4 cxb4 10.axb4 b5 11.cxb5 axb5 12.Re1 O-O 13.d4 Bg4 14.h3 Bxf3 15.Bxf3 
Qd7 16.Bg2 Rfc8 17.Qd3 Nxd4 18.Be3 Nf5 19.Bd2 e6 20.e4 Ne7 21.Bf1 Nc6 22.
f4 Qa7+ 23.Be3 Qa3 24.Qd2 Na7 25.Bd4 Nc6 26.Be3 Na7 27.Bd4 Nc6 28.Be3 Na7 
1/2-1/2

[Event "12th Africa-ch"]
[Site "Kampala UGA"]
[Date "2016.07.21"]
[Round "5"]
[White "Roberto Soares, Erikson"]
[Black "Hesham, Abdelrahman"]
[Result "0-1"]
[WhiteElo "2282"]
[BlackElo "2400"]
[EventDate "2016.07.17"]
[PlyCount "94"]

1.d4 d5 2.Nf3 Nf6 3.g3 e6 4.Bg2 Be7 5.O-O O-O 6.c4 dxc4 7.Qc2 a6 8.Qxc4 b5
9.Qc2 Bb7 10.Bd2 Ra7 11.a3 Be4 12.Qc1 Nc6 13.e3 Qa8 14.Qd1 b4 15.axb4 Nxb4
16.Bc3 a5 17.Na3 Qd5 18.Ne1 Bxg2 19.Nxg2 Rb8 20.Qe2 a4 21.Nf4 Qb3 22.Nc4 
Nbd5 23.Bd2 Ne4 24.Rfc1 Nxf4 25.exf4 Nxd2 26.Qxd2 Ra6 27.Ne5 Bd6 28.Qe2 
Raa8 29.Rc4 f6 30.Nd7 Qxb2 31.Qxe6+ Kh8 32.Raxa4 Qb1+ 33.Kg2 Qb7+ 34.d5 
Re8 35.Rxa8 Qxa8 36.Qf7 Re1 37.Qh5 Qa6 38.Ne5 g6 39.Qh4 fxe5 40.fxe5 g5 
41.Qg4 Rxe5 42.Ra4 Qb7 43.h4 Qxd5+ 44.Kh2 Re1 45.Qc8+ Kg7 46.Qd7+ Kg6 47.
Qe8+ Rxe8 0-1

[Event "12th Africa-ch"]
[Site "Kampala UGA"]
[Date "2016.07.21"]
[Round "5"]
[White "Aderito, Pedro"]
[Black "Gonza, Simon"]
[Result "1/2-1/2"]
[WhiteElo "2318"]
[BlackElo "2097"]
[EventDate "2016.07.17"]
[PlyCount "67"]

1.Nf3 d5 2.d4 Nf6 3.c4 c6 4.Nc3 e6 5.g3 Nbd7 6.Bg2 Be7 7.O-O O-O 8.Qc2 h6 
9.Rd1 Qc7 10.a4 b6 11.cxd5 cxd5 12.Bf4 Bd6 13.Bxd6 Qxd6 14.Nb5 Qb4 15.Qc6 
Rb8 16.Nxa7 Qxb2 17.Bf1 Qb4 18.Qb5 Qd6 19.Rdc1 Bb7 20.Qb2 Rfd8 21.Ne5 Ra8 
22.Nb5 Qb8 23.f4 Rc8 24.Qb4 Nxe5 25.fxe5 Ne4 26.Bg2 Ba6 27.Bxe4 Bxb5 28.
Rxc8+ Qxc8 29.Qxb5 dxe4 30.Qxb6 Qc3 31.Rf1 Rxa4 32.Qb8+ Kh7 33.Rxf7 Rxd4 
34.Rxg7+ 1/2-1/2

[Event "12th Africa-ch"]
[Site "Kampala UGA"]
[Date "2016.07.21"]
[Round "5"]
[White "Aguiar, Cristiano"]
[Black "Silva, David"]
[Result "1-0"]
[WhiteElo "2219"]
[BlackElo "2305"]
[EventDate "2016.07.17"]
[PlyCount "79"]

1.d4 d5 2.c4 e6 3.Nc3 Be7 4.cxd5 exd5 5.Nf3 c6 6.Qc2 Nf6 7.Bg5 Na6 8.e3 
Nb4 9.Qb3 Bf5 10.Rc1 Qb6 11.Bxf6 Bxf6 12.Qd1 Qa5 13.Qd2 O-O 14.Be2 Na6 15.
O-O Be7 16.a3 Nb8 17.Ne5 Bd6 18.f4 Qd8 19.g4 Bc8 20.e4 f6 21.exd5 fxe5 22.
fxe5 Rxf1+ 23.Rxf1 Bxe5 24.dxe5 Be6 25.Bc4 cxd5 26.Nxd5 Nc6 27.Nf6+ Kh8 
28.Qxd8+ Nxd8 29.Bxe6 Nxe6 30.Ne4 Kg8 31.Nd6 Rb8 32.Rf7 Ng5 33.Rf5 Ne6 34.
h4 Nd4 35.Rf7 b6 36.Kf2 Nc6 37.e6 Rf8 38.Ke3 Ne5 39.Rxa7 Nxg4+ 40.Kd4 1-0

[Event "12th Africa-ch"]
[Site "Kampala UGA"]
[Date "2016.07.21"]
[Round "5"]
[White "Magana, Benjamin"]
[Black "Panchol, James Madol"]
[Result "1-0"]
[WhiteElo "2149"]
[BlackElo "2037"]
[EventDate "2016.07.17"]
[PlyCount "153"]

1.e4 d5 2.exd5 Nf6 3.Nc3 c6 4.d4 Nxd5 5.Nxd5 Qxd5 6.Nf3 Bg4 7.Be2 g6 8.h3 
Bf5 9.O-O Bg7 10.c4 Qd6 11.Qb3 Qc7 12.Be3 O-O 13.Rfd1 Rd8 14.Rac1 Bc8 15.
Bg5 a5 16.Qe3 f6 17.Bf4 Qd7 18.d5 Qe8 19.Nd4 Na6 20.Bf3 g5 21.Bh2 c5 22.
Ne6 Bxe6 23.Qxe6+ Qf7 24.Qb6 Rd7 25.Qxa5 f5 26.Qb5 Rad8 27.Re1 Kh8 28.Be5 
h5 29.Qb6 Kg8 30.Bxg7 Kxg7 31.Qe6 g4 32.hxg4 hxg4 33.Qe5+ Kg8 34.Be2 Rf8 
35.Bd3 Nc7 36.Bc2 Ne8 37.Ba4 Rd6 38.Qxe7 Qxe7 39.Rxe7 Nf6 40.Rxb7 Ne4 41.
Bd7 Rh6 42.Be6+ Kh8 43.Re1 g3 44.fxg3 Nxg3 45.Rf7 Rb8 46.Bxf5 Rh1+ 47.Kf2 
Rxb2+ 48.Kxg3 Rxe1 49.d6 Kg8 50.Rc7 Rd2 51.d7 Red1 52.a4 Kf8 53.a5 Rd6 54.
Rxc5 Ke7 55.Rc7 Ra6 56.Bh3 Rxa5 57.c5 Rd3+ 58.Kh2 Rxh3+ 59.Kxh3 Kd8 60.Rb7
Rxc5 61.g4 Rd5 62.Kh4 Ra5 63.g5 Ra1 64.Kh5 Rh1+ 65.Kg6 Rf1 66.Kh6 Rh1+ 67.
Kg7 Rg1 68.g6 Rg2 69.Kh7 Rh2+ 70.Kg8 Rg2 71.g7 Rh2 72.Rb4 Kxd7 73.Re4 Rh1 
74.Kf7 Rf1+ 75.Kg6 Rg1+ 76.Kf6 Rg2 77.Re5 1-0

[Event "12th Africa-ch"]
[Site "Kampala UGA"]
[Date "2016.07.21"]
[Round "5"]
[White "Talbi, Chafik"]
[Black "Kawuma, Patrick"]
[Result "0-1"]
[WhiteElo "2206"]
[BlackElo "2247"]
[EventDate "2016.07.17"]
[PlyCount "130"]

1.Nf3 Nf6 2.c4 c5 3.g3 b6 4.Bg2 Bb7 5.Nc3 g6 6.O-O Bg7 7.a3 O-O 8.Rb1 d5 
9.d4 Nbd7 10.b4 cxb4 11.Nxd5 Nxd5 12.cxd5 Bxd5 13.axb4 b5 14.Re1 Nf6 15.
Bf4 Rc8 16.Be5 Be4 17.Ra1 Qb6 18.Qb3 Bc2 19.Qa2 Ba4 20.Rac1 Bh6 21.e3 Ne4 
22.g4 a5 23.bxa5 Qxa5 24.d5 Nc3 25.Qb2 b4 26.d6 Rfe8 27.dxe7 Rxe7 28.Bd4 
Rec7 29.Ra1 Bf8 30.h3 h5 31.Nh2 Be7 32.Qd2 Qb5 33.gxh5 Qxh5 34.Ng4 Bd7 35.
f3 Be6 36.e4 Rd7 37.Qe3 Bxg4 38.fxg4 Qb5 39.Kh1 Qc4 40.Be5 Qe6 41.Bd4 Qd6 
42.Bxc3 Rxc3 43.e5 Rxe3 44.exd6 Rxe1+ 45.Rxe1 Bxd6 46.Bd5 Rc7 47.Re3 Kg7 
48.Kg2 Bc5 49.Rd3 Be7 50.Bb3 Bf6 51.Kf3 Kh6 52.Ke4 Bc3 53.Kf4 Re7 54.Bd5 
Be5+ 55.Kf3 Kg5 56.Bc6 Kh4 57.Kg2 Rc7 58.Be8 Re7 59.Ba4 Bc3 60.Bb3 f6 61.
Bg8 Re2+ 62.Kh1 Be5 63.Bf7 Bg3 64.Bxg6 Kxh3 65.Kg1 Re1# 0-1

[Event "12th Africa-ch"]
[Site "Kampala UGA"]
[Date "2016.07.21"]
[Round "5"]
[White "Alberto, Manuel"]
[Black "Farouk, Fauza"]
[Result "1/2-1/2"]
[WhiteElo "2191"]
[BlackElo "2093"]
[EventDate "2016.07.17"]
[PlyCount "102"]

1.e4 c5 2.Nf3 a6 3.d4 cxd4 4.Nxd4 e5 5.Nb3 Nf6 6.Nc3 Bb4 7.Qf3 d5 8.exd5 
Qxd5 9.Bd2 Qxf3 10.gxf3 Bf5 11.O-O-O Nbd7 12.Rg1 O-O 13.a3 Be7 14.Be3 Rac8
15.Bd3 Bg6 16.Bxg6 fxg6 17.Ne4 Rfd8 18.Nd6 Rc7 19.Rd2 Ne8 20.Ne4 Rdc8 21.
Rgd1 Nef6 22.Kb1 Nxe4 23.fxe4 Nf6 24.f3 Kf7 25.Na5 Ke6 26.Bb6 Rd7 27.Rd3 
Rxd3 28.Rxd3 Nd7 29.Rb3 Kf6 30.Nxb7 Rb8 31.Bc7 Rc8 32.Rc3 g5 33.Bxe5+ Nxe5
34.Rxc8 Nxf3 35.Rc3 g4 36.h3 h5 37.hxg4 hxg4 38.Kc1 Ke6 39.Kd1 Bf6 40.Rd3 
Bxb2 41.Ke2 Ke5 42.c4 Nd4+ 43.Kf2 Kxe4 44.Nc5+ Kf4 45.Nxa6 Nf5 46.c5 Bd4+ 
47.Ke2 g3 48.c6 g2 49.Rxd4+ Nxd4+ 50.Kf2 Nxc6 51.Kxg2 Ke4 1/2-1/2

[Event "12th Africa-ch"]
[Site "Kampala UGA"]
[Date "2016.07.21"]
[Round "5"]
[White "Kamoga, Rajab"]
[Black "Wanyama, Harold"]
[Result "0-1"]
[WhiteElo "2087"]
[BlackElo "2269"]
[EventDate "2016.07.17"]
[PlyCount "60"]

1.e4 c5 2.Nf3 e6 3.g3 Nc6 4.Bg2 Nf6 5.Qe2 e5 6.c3 g6 7.d3 Bg7 8.O-O O-O 9.
h3 d5 10.Nbd2 h6 11.Re1 b6 12.Nf1 Ba6 13.exd5 Nxd5 14.Qc2 Rc8 15.a3 Re8 
16.Bd2 Nde7 17.c4 Qd7 18.Bc3 Nf5 19.Ne3 Ncd4 20.Bxd4 cxd4 21.Nxf5 gxf5 22.
Nd2 e4 23.dxe4 d3 24.Qb3 Qd4 25.Rab1 Bxc4 26.Nxc4 Rxc4 27.Rbd1 Rc2 28.Re3 
fxe4 29.Rdxd3 exd3 30.Rxe8+ Bf8 0-1

[Event "12th Africa-ch"]
[Site "Kampala UGA"]
[Date "2016.07.21"]
[Round "5"]
[White "Bouah, Lyndon"]
[Black "Mohamud, Hussein Ali"]
[Result "1-0"]
[WhiteElo "2124"]
[BlackElo "1557"]
[EventDate "2016.07.17"]
[PlyCount "93"]

1.e4 e6 2.d4 d5 3.Nd2 Nf6 4.e5 Nfd7 5.f4 c5 6.c3 Nc6 7.Ndf3 Be7 8.g3 b6 9.
Bh3 Ba6 10.a3 O-O 11.Ne2 h6 12.O-O Re8 13.Rf2 Nf8 14.g4 Bxe2 15.Qxe2 cxd4 
16.cxd4 Na5 17.Qd3 Qc8 18.Rc2 Qd7 19.Be3 Rac8 20.Rg2 Qa4 21.f5 Qb3 22.Qe2 
Bg5 23.Bxg5 hxg5 24.Nxg5 f6 25.exf6 gxf6 26.Nf3 exf5 27.gxf5+ Kh8 28.Qf2 
Qe3 29.Re1 Qxf2+ 30.Kxf2 Rc2+ 31.Kf1 Rxe1+ 32.Kxe1 Rxg2 33.Bxg2 Nc4 34.Nd2
Nxb2 35.Bxd5 Nd3+ 36.Kf1 Kg7 37.Bc4 Nf4 38.Kf2 Nh3+ 39.Ke3 Ng5 40.Ne4 Nxe4
41.Kxe4 Nd7 42.Kd5 b5 43.Bxb5 Nb6+ 44.Kc6 Kh6 45.d5 Kg5 46.Bd3 Nc8 47.d6 
1-0

[Event "12th Africa-ch"]
[Site "Kampala UGA"]
[Date "2016.07.21"]
[Round "5"]
[White "Mwangi, Martin Njoroge"]
[Black "Fidow, Kassim Hassan"]
[Result "1-0"]
[WhiteElo "1785"]
[BlackElo "1558"]
[EventDate "2016.07.17"]
[PlyCount "107"]

1.e4 c5 2.Nf3 Nc6 3.Nc3 Nf6 4.d4 cxd4 5.Nxd4 a6 6.Be3 e6 7.Bd3 Bb4 8.O-O 
Bxc3 9.bxc3 Qc7 10.f4 d5 11.exd5 Nxd5 12.Bd2 Qb6 13.Kh1 Nxd4 14.cxd4 Qxd4 
15.Qf3 Bd7 16.c4 Ne7 17.Bb4 Bc6 18.Qg3 h5 19.h3 Ng8 20.Rad1 Nf6 21.f5 
O-O-O 22.fxe6 fxe6 23.Bf5 Qxc4 24.Ba5 Rd7 25.Rxd7 Bxd7 26.Bd3 Qc5 27.Bd2 
Bc6 28.Rc1 Qd5 29.Bf4 h4 30.Qxg7 Ne8 31.Rxc6+ Qxc6 32.Qxh8 Qa4 33.Qc3+ Kd7
34.Qd2 Ke7 35.Bg6 Qb5 36.Bxe8 Kxe8 37.Bg5 Qf1+ 38.Kh2 Qf5 39.Bxh4 b5 40.
Qg5 Qxg5 41.Bxg5 Kf7 42.Bd2 Kg6 43.g4 e5 44.Kg3 Kf6 45.Kf3 Ke6 46.Ke4 Kf6 
47.h4 Ke6 48.Bc3 Kf7 49.Kxe5 Kg7 50.Ke6+ Kh6 51.h5 Kh7 52.g5 Kg8 53.g6 a5 
54.h6 1-0

[Event "12th Africa-ch"]
[Site "Kampala UGA"]
[Date "2016.07.21"]
[Round "6"]
[White "Kayonde, Andrew"]
[Black "Adly, Ahmed"]
[Result "1-0"]
[WhiteElo "2404"]
[BlackElo "2607"]
[EventDate "2016.07.17"]
[PlyCount "75"]

1.d4 Nf6 2.c4 e6 3.Nc3 Bb4 4.e3 O-O 5.Ne2 b6 6.a3 Be7 7.e4 d6 8.Ng3 c5 9.
d5 exd5 10.cxd5 a6 11.Be2 b5 12.b4 Nbd7 13.Be3 Ne8 14.O-O Bf6 15.Rc1 c4 
16.Nf5 Bxc3 17.Rxc3 Ndf6 18.Ng3 a5 19.f4 axb4 20.axb4 Ra4 21.Rxc4 Ra3 22.
Qc1 Rxe3 23.Rxc8 Qb6 24.Rc6 Qa7 25.Ra6 Qxa6 26.Qxe3 Nc7 27.Rc1 Re8 28.Rxc7
Nxd5 29.Ra7 Qc8 30.Qd4 Nxf4 31.Bf1 Qg4 32.Ra3 h5 33.h3 Qg5 34.h4 Qg4 35.
Nf5 Rxe4 36.Nh6+ Kh7 37.Qxe4+ Kxh6 38.Qf3 1-0

[Event "12th Africa-ch"]
[Site "Kampala UGA"]
[Date "2016.07.21"]
[Round "6"]
[White "El-Gindy, Essam"]
[Black "Arab, Adlane"]
[Result "1/2-1/2"]
[WhiteElo "2431"]
[BlackElo "2482"]
[EventDate "2016.07.17"]
[PlyCount "120"]

1.d4 Nf6 2.c4 e6 3.Nc3 d5 4.cxd5 exd5 5.Bg5 c6 6.Qc2 Na6 7.a3 Nc7 8.e3 Ne6
9.Bh4 Be7 10.Bd3 g6 11.Nf3 O-O 12.O-O Ng7 13.b4 a6 14.Rab1 Bf5 15.Na4 Ne4 
16.Bxe7 Qxe7 17.Nc5 Nd6 18.Nd2 Rae8 19.Rfe1 Bxd3 20.Qxd3 Ngf5 21.a4 Nh4 
22.a5 Kg7 23.f3 Qg5 24.Re2 Re7 25.e4 Rfe8 26.Rbe1 dxe4 27.fxe4 Nb5 28.Kh1 
Rd8 29.Ndb3 Qh5 30.Qd2 g5 31.Rf2 Ng6 32.Ref1 Nf4 33.Rf3 Nd6 34.Qc2 Qg6 35.
g3 Nd5 36.Nd2 g4 37.Rb3 Rde8 38.Re1 f6 39.Qd3 Nc7 40.Rbb1 Ncb5 41.Re2 Nf7 
42.Rbe1 Rd8 43.Ndb3 Ne5 44.Qe3 Nf3 45.Rd1 Rde8 46.Rf1 Nd6 47.e5 fxe5 48.
dxe5 Rxe5 49.Qc3 Kg8 50.Rxe5 Rxe5 51.Nd2 Re1 52.Rxe1 Nxe1 53.Qe3 Nf3 54.
Nxf3 gxf3 55.Qb3+ Nf7 56.Kg1 Qd6 57.Kf2 Qd2+ 58.Kxf3 Qxh2 59.Qe6 Qh1+ 60.
Kf2 Qh2+ 1/2-1/2

[Event "12th Africa-ch"]
[Site "Kampala UGA"]
[Date "2016.07.21"]
[Round "6"]
[White "Shoker, Samy"]
[Black "Kigigha, Bomo"]
[Result "1-0"]
[WhiteElo "2489"]
[BlackElo "2344"]
[EventDate "2016.07.17"]
[PlyCount "64"]

1.Nf3 Nf6 2.g3 d5 3.Bg2 c5 4.O-O g6 5.c4 Bg7 6.cxd5 Nxd5 7.Nc3 Nxc3 8.bxc3
O-O 9.Rb1 Nc6 10.Qa4 Qc7 11.Qh4 Ne5 12.d4 Nc4 13.Bh6 Nd6 14.Bxg7 Kxg7 15.
e4 Rb8 16.Rfe1 c4 17.g4 b5 18.e5 Ne8 19.Re3 h5 20.h3 a5 21.a3 hxg4 22.hxg4
Rh8 23.Qg3 Bd7 24.Ng5 Rc8 25.d5 Qc5 26.Rbe1 Nc7 27.Rd1 Be8 28.e6 f6 29.Ne4
Qa7 30.g5 Rd8 31.gxf6+ exf6 32.Nxf6 Bf7 1-0

[Event "12th Africa-ch"]
[Site "Kampala UGA"]
[Date "2016.07.21"]
[Round "6"]
[White "Hesham, Abdelrahman"]
[Black "Ssegwanyi, Arthur"]
[Result "1-0"]
[WhiteElo "2400"]
[BlackElo "2366"]
[EventDate "2016.07.17"]
[PlyCount "47"]

1.d4 Nf6 2.c4 e6 3.Nf3 d5 4.Nc3 Bb4 5.Bg5 h6 6.Bxf6 Qxf6 7.e3 c5 8.cxd5 
exd5 9.Bb5+ Bd7 10.Qa4 a6 11.Bxd7+ Nxd7 12.O-O b5 13.Nxb5 Nb6 14.Nc7+ Kd8 
15.Qc2 Kxc7 16.dxc5 Nc4 17.a3 Qxb2 18.Qf5 Nxa3 19.Ne5 Rhe8 20.Qxf7+ Kb8 
21.Nd7+ Kb7 22.Nb6+ Kc6 23.Qd7+ Kxc5 24.Na4+ 1-0

[Event "12th Africa-ch"]
[Site "Kampala UGA"]
[Date "2016.07.21"]
[Round "6"]
[White "Cawdery, Daniel"]
[Black "Aguiar, Cristiano"]
[Result "1-0"]
[WhiteElo "2412"]
[BlackElo "2219"]
[EventDate "2016.07.17"]
[PlyCount "73"]

1.e4 e5 2.Nf3 Nc6 3.Bc4 Nf6 4.Ng5 d5 5.exd5 Na5 6.Bb5+ c6 7.dxc6 bxc6 8.
Bd3 Nd5 9.Nf3 Nf4 10.O-O Nxd3 11.cxd3 f6 12.d4 exd4 13.Qa4 Qb6 14.Re1+ Kf7
15.d3 Bb4 16.Bd2 Rb8 17.a3 Bxd2 18.Nbxd2 c5 19.b4 cxb4 20.axb4 Nc6 21.Nc4 
Qc7 22.b5 Ne7 23.Qxa7 Rb7 24.Qxd4 Rd8 25.Qb2 Qc5 26.b6 Be6 27.Ra5 Qc8 28.
Ra7 Bd5 29.Qb4 Nf5 30.Ncd2 Rxa7 31.bxa7 Qa6 32.Nd4 Nd6 33.Qc5 Nb7 34.Qc7+ 
Kg6 35.Qg3+ Kf7 36.Nf5 g6 37.Qc7+ 1-0

[Event "12th Africa-ch"]
[Site "Kampala UGA"]
[Date "2016.07.21"]
[Round "6"]
[White "Oussedik, Mahfoud"]
[Black "Magana, Benjamin"]
[Result "1/2-1/2"]
[WhiteElo "2299"]
[BlackElo "2149"]
[EventDate "2016.07.17"]
[PlyCount "131"]

1.c4 e5 2.Nc3 Nc6 3.g3 Bc5 4.Bg2 a6 5.e3 d6 6.Nge2 Ba7 7.d4 Bg4 8.h3 Bf5 
9.b4 Qd7 10.a3 Nge7 11.Bb2 O-O 12.f4 exd4 13.exd4 Rfe8 14.g4 Nxd4 15.Nxd4 
Bxd4 16.Kf1 Ba7 17.Ne2 Be6 18.Qd3 b5 19.cxb5 axb5 20.Rc1 Bc4 21.Rxc4 bxc4 
22.Qxc4 d5 23.Qd3 Rab8 24.f5 Qb5 25.Qxb5 Rxb5 26.Bd4 Ra8 27.Kf2 Bxd4+ 28.
Nxd4 Rb7 29.Re1 Kf8 30.Re3 Rba7 31.Nb5 Rb7 32.Nd4 c6 33.Rc3 Rba7 34.Nc2 
Ke8 35.Bf1 Kd7 36.b5 cxb5 37.Bxb5+ Kd6 38.Rd3 Rc7 39.Ne3 Rac8 40.a4 Rc3 
41.Rd2 Ke5 42.Re2 Kd6 43.Rd2 Kc5 44.h4 Rc7 45.h5 h6 46.Be8 d4 47.Nd1 Rh3 
48.Kg2 Ra3 49.Nf2 Nd5 50.Ne4+ Kb6 51.Kf2 Nc3 52.Ng3 Nxa4 53.f6 gxf6 54.Nf5
d3 55.Ne3 Kc5 56.Bxa4 Rxa4 57.Rxd3 Rd4 58.Rc3+ Kd6 59.Rb3 Kc6 60.Kf3 Kd7 
61.Nf5 Rdc4 62.Rd3+ Ke6 63.Re3+ Kd7 64.Rd3+ Ke6 65.Re3+ Kd7 66.Rd3+ 
1/2-1/2

[Event "12th Africa-ch"]
[Site "Kampala UGA"]
[Date "2016.07.21"]
[Round "6"]
[White "Ameir, Moheb"]
[Black "Roberto Soares, Erikson"]
[Result "1-0"]
[WhiteElo "2438"]
[BlackElo "2282"]
[EventDate "2016.07.17"]
[PlyCount "93"]

1.e4 e6 2.d4 d5 3.Nd2 Nf6 4.e5 Nfd7 5.Bd3 c5 6.c3 Nc6 7.Ne2 cxd4 8.cxd4 
Qb6 9.Nf3 f6 10.exf6 Nxf6 11.O-O Bd6 12.Bf4 Bxf4 13.Nxf4 O-O 14.Qd2 Kh8 
15.Ne2 e5 16.dxe5 Ng4 17.Nf4 Nd4 18.Nxd4 Qxd4 19.Ne2 Qb6 20.Qc3 Bd7 21.Qd4
Qxd4 22.Nxd4 Nxe5 23.Rad1 a6 24.Rfe1 Rae8 25.Bf1 g6 26.h3 Kg7 27.Nc2 Bc6 
28.Ne3 Rf4 29.Nc2 Ra4 30.b3 Re4 31.Re3 Nd7 32.Rc3 a5 33.Nd4 Nb8 34.Rcc1 
R4e7 35.f3 h5 36.h4 Kf6 37.Kf2 Rc8 38.Rc5 a4 39.b4 Nd7 40.Rc3 Nb8 41.Rcc1 
Bd7 42.Rc5 Ree8 43.Bd3 Red8 44.a3 Bf5 45.Nxf5 gxf5 46.Rxc8 Nc6 47.Rc7 1-0

[Event "12th Africa-ch"]
[Site "Kampala UGA"]
[Date "2016.07.21"]
[Round "6"]
[White "Kawuma, Patrick"]
[Black "Aderito, Pedro"]
[Result "0-1"]
[WhiteElo "2247"]
[BlackElo "2318"]
[EventDate "2016.07.17"]
[PlyCount "85"]

1.c4 Nf6 2.Nf3 g6 3.d4 Bg7 4.Nc3 d6 5.e4 O-O 6.Be2 Nc6 7.O-O Bg4 8.Be3 Nd7
9.d5 Na5 10.Nd4 Bxe2 11.Qxe2 Ne5 12.b3 c5 13.dxc6 bxc6 14.Qd2 Re8 15.h3 c5
16.Nde2 Nac6 17.Rad1 Nd7 18.f4 Qa5 19.g4 Rad8 20.g5 Qa6 21.Qe1 Qc8 22.Qg3 
Nb6 23.Kg2 e6 24.Qf3 Ne7 25.Bf2 d5 26.cxd5 exd5 27.Nxd5 Nbxd5 28.exd5 Nf5 
29.Kh2 Qa6 30.Rfe1 Qxa2 31.Kg1 Qa3 32.Qd3 Nd6 33.Ng3 Rxe1+ 34.Bxe1 Bd4+ 
35.Bf2 Bxf2+ 36.Kxf2 Rb8 37.Qe3 Rxb3 38.Qe7 Rf3+ 39.Ke2 Rxf4 40.Rd3 Qa6 
41.Ke3 Rf3+ 42.Kxf3 Qxd3+ 43.Kf2 0-1

[Event "12th Africa-ch"]
[Site "Kampala UGA"]
[Date "2016.07.21"]
[Round "6"]
[White "Gonza, Simon"]
[Black "Silva, David"]
[Result "0-1"]
[WhiteElo "2097"]
[BlackElo "2305"]
[EventDate "2016.07.17"]
[PlyCount "96"]

1.e4 e5 2.Nf3 Nc6 3.Bc4 Nf6 4.d3 Bc5 5.h3 O-O 6.Bg5 d6 7.c3 a6 8.Bb3 h6 9.
Bh4 g5 10.Nxg5 hxg5 11.Bxg5 Bxf2+ 12.Kxf2 Nxe4+ 13.dxe4 Qxg5 14.Qf3 Na5 
15.Qg3 Qxg3+ 16.Kxg3 Nxb3 17.axb3 Be6 18.Nd2 f5 19.exf5 Rxf5 20.Rhf1 Raf8 
21.Rxf5 Rxf5 22.b4 Bd5 23.Nf3 Bxf3 24.gxf3 Rf7 25.Re1 Rg7+ 26.Kf2 Kf7 27.
Re4 Rh7 28.Kg3 Kf6 29.Rh4 Rxh4 30.Kxh4 d5 31.Kg4 b6 32.f4 e4 33.f5 c5 34.
bxc5 bxc5 35.Kf4 a5 36.c4 dxc4 37.Kxe4 a4 38.Kd5 c3 39.bxc3 a3 40.Kxc5 a2 
41.Kb6 a1=Q 42.c4 Qb1+ 43.Kc6 Qxf5 44.c5 Qxh3 45.Kb7 Ke7 46.c6 Qb3+ 47.Kc7
Ke6 48.Kc8 Kd6 0-1

[Event "12th Africa-ch"]
[Site "Kampala UGA"]
[Date "2016.07.21"]
[Round "6"]
[White "Wanyama, Harold"]
[Black "Bouah, Lyndon"]
[Result "1-0"]
[WhiteElo "2269"]
[BlackElo "2124"]
[EventDate "2016.07.17"]
[PlyCount "79"]

1.d4 Nf6 2.c4 g6 3.Nc3 Bg7 4.e4 d6 5.Nf3 O-O 6.Be2 e5 7.O-O Nc6 8.d5 Ne7 
9.Ne1 Nd7 10.Be3 f5 11.f3 f4 12.Bf2 g5 13.Rc1 Ng6 14.c5 dxc5 15.b4 Nf6 16.
Bxc5 Re8 17.Nd3 h5 18.h3 b6 19.Bf2 Bf8 20.a3 Bd6 21.Nb2 Re7 22.Rc2 Rh7 23.
Re1 Qf8 24.Bf1 g4 25.Kh1 Rg7 26.Nb5 g3 27.Bg1 Nh4 28.Nc4 Qd8 29.Qa1 Bxh3 
30.gxh3 Nxf3 31.Nd2 Nh4 32.Nxd6 cxd6 33.Bg2 Nh7 34.Qd1 Ng5 35.Qxh5 Rh7 36.
Qg4 Nxg2 37.Kxg2 Rg7 38.Rec1 f3+ 39.Nxf3 Nxf3 40.Qxf3 1-0

[Event "12th Africa-ch"]
[Site "Kampala UGA"]
[Date "2016.07.21"]
[Round "6"]
[White "Talbi, Chafik"]
[Black "Mwangi, Martin Njoroge"]
[Result "1-0"]
[WhiteElo "2206"]
[BlackElo "1785"]
[EventDate "2016.07.17"]
[PlyCount "84"]

1.d4 Nf6 2.Bf4 g6 3.Nf3 Bg7 4.e3 O-O 5.Be2 d6 6.h3 Nbd7 7.O-O c5 8.c3 b6 
9.a4 a6 10.Nbd2 Bb7 11.Qb3 Rc8 12.Rfe1 Re8 13.Bh2 h6 14.Rad1 cxd4 15.exd4 
Bf8 16.Bc4 e6 17.Bd3 Qc7 18.Qc2 Qc6 19.Re2 Rcd8 20.Rde1 g5 21.Ne4 Qc7 22.
Nfd2 Be7 23.Ng3 Nf8 24.Nde4 N8h7 25.Qc1 Nd5 26.Nh5 Bf8 27.c4 f5 28.cxd5 
Qxc1 29.Rxc1 fxe4 30.Bxe4 Re7 31.dxe6 d5 32.Bf5 a5 33.Be5 Ba6 34.Re3 Rb7 
35.Rc6 Bb4 36.Rc7 Rxc7 37.Bxc7 Rc8 38.e7 Re8 39.Bxh7+ Kf7 40.Bxb6 Rxe7 41.
Rxe7+ Kxe7 42.Ng3 Kd7 1-0

[Event "12th Africa-ch"]
[Site "Kampala UGA"]
[Date "2016.07.21"]
[Round "6"]
[White "Panchol, James Madol"]
[Black "Alberto, Manuel"]
[Result "1-0"]
[WhiteElo "2037"]
[BlackElo "2191"]
[EventDate "2016.07.17"]
[PlyCount "44"]

1.e4 e5 2.Nf3 Nc6 3.Bc4 Bc5 4.O-O Qf6 5.c3 Nge7 6.b4 Bb6 7.a4 a5 8.b5 Nd8 
9.d4 exd4 10.cxd4 h6 11.e5 Qg6 12.Re1 O-O 13.Nh4 Qh7 14.Ba3 Re8 15.Nc3 c6 
16.Ne4 Nd5 17.Rb1 Ba7 18.Bxd5 cxd5 19.Nd6 Re6 20.b6 g5 21.Nf3 Rxd6 22.exd6
Bxb6 1-0

[Event "12th Africa-ch"]
[Site "Kampala UGA"]
[Date "2016.07.21"]
[Round "6"]
[White "Farouk, Fauza"]
[Black "Kamoga, Rajab"]
[Result "1/2-1/2"]
[WhiteElo "2093"]
[BlackElo "2087"]
[EventDate "2016.07.17"]
[PlyCount "61"]

1.e4 e5 2.Nf3 Nc6 3.Nc3 g6 4.d4 exd4 5.Nxd4 Bg7 6.Be3 d6 7.Qd2 Nxd4 8.Bxd4
Nf6 9.f3 Be6 10.Be3 h6 11.O-O-O a6 12.Kb1 b5 13.Nd5 Bxd5 14.exd5 h5 15.Bg5
O-O 16.Bd3 Qd7 17.Bxf6 Bxf6 18.Rhe1 b4 19.Re4 a5 20.Bc4 a4 21.g4 hxg4 22.
fxg4 a3 23.bxa3 Qa4 24.Bb3 Qxa3 25.Qc1 Qa5 26.Rf1 Ra7 27.Qe3 Qa3 28.Qc1 
Qa5 29.Qe3 Qa3 30.Qc1 Qa5 31.Qe3 1/2-1/2

[Event "12th Africa-ch"]
[Site "Kampala UGA"]
[Date "2016.07.21"]
[Round "6"]
[White "Anquandah, Frances"]
[Black "Fidow, Kassim Hassan"]
[Result "0-1"]
[WhiteElo "2019"]
[BlackElo "1558"]
[EventDate "2016.07.17"]
[PlyCount "130"]

1.e4 c5 2.Nf3 Nc6 3.d4 cxd4 4.Nxd4 Nf6 5.Nc3 a6 6.Be3 Qc7 7.Be2 e5 8.Nb3 
Bb4 9.f3 O-O 10.O-O Bxc3 11.bxc3 d6 12.Qd2 Be6 13.Bg5 Ne8 14.f4 h6 15.f5 
Bxb3 16.Bxh6 gxh6 17.Qxh6 f6 18.Rf3 Qh7 19.Rg3+ Ng7 20.Qe3 Bf7 21.Rh3 Nh5 
22.Bxh5 Bxh5 23.g4 Qg7 24.Rxh5 Qxg4+ 25.Qg3 Qxg3+ 26.hxg3 Kg7 27.Rh2 Rh8 
28.Rd2 Rh5 29.Kg2 Rah8 30.Rxd6 Rh2+ 31.Kf3 Rxc2 32.Rd7+ Kf8 33.Rxb7 Rxc3+ 
34.Kg2 Rg8 35.Rh1 Rgxg3+ 36.Kf2 Rcf3+ 37.Ke1 Rh3 38.Rxh3 Rxh3 39.Rb6 Rc3 
40.Kd2 Rc5 41.Rxa6 Ke7 42.a3 Kd6 43.Rb6 Ra5 44.Rb3 Ra4 45.Re3 Na5 46.Rh3 
Rxa3 47.Rh7 Nc4+ 48.Kc2 Kc5 49.Rf7 Ra6 50.Kd3 Rd6+ 51.Kc3 Nd2 52.Rc7+ Kb6 
53.Rh7 Nxe4+ 54.Kc4 Rd4+ 55.Kb3 Nc5+ 56.Kc3 Ra4 57.Rh5 Ne4+ 58.Kb3 Kb5 59.
Kc2 Kc4 60.Kd1 Ng3 61.Rh8 Nxf5 62.Ke2 Nd4+ 63.Ke3 Ra3+ 64.Kd2 f5 65.Ke1 f4
0-1

[Event "12th Africa-ch"]
[Site "Kampala UGA"]
[Date "2016.07.22"]
[Round "7"]
[White "Kayonde, Andrew"]
[Black "El-Gindy, Essam"]
[Result "1-0"]
[WhiteElo "2404"]
[BlackElo "2431"]
[EventDate "2016.07.17"]
[PlyCount "57"]

1.d4 Nf6 2.c4 e6 3.Nc3 Bb4 4.e3 O-O 5.Ne2 d5 6.a3 Be7 7.cxd5 exd5 8.Nf4 c6
9.Bd3 Re8 10.O-O Bd6 11.f3 c5 12.dxc5 Bxf4 13.exf4 a5 14.Rb1 b6 15.cxb6 
Qxb6+ 16.Kh1 Ba6 17.f5 Nbd7 18.Bxa6 Qxa6 19.Bg5 Qb7 20.Qd2 h6 21.Bh4 Re5 
22.Qd3 Qa6 23.Qxa6 Rxa6 24.Bf2 Rxf5 25.b4 axb4 26.axb4 Ra3 27.Bd4 Rf4 28.
Ne2 Rf5 29.g4 1-0